[Event "St Petersburg White Nights op1"]
[Site "St Petersburg"]
[Date "2002.??.??"]
[Round "2"]
[White "Deviatkin, Andrei"]
[Black "Umanskaya, Irina"]
[Result "1/2-1/2"]
[WhiteElo "2414"]
[BlackElo "2301"]
[PlyCount "66"]
[EventDate "2002.??.??"]
[EventType "swiss"]
[EventRounds "9"]
[EventCountry "RUS"]
[SourceTitle "EXT 2003"]
[Source "ChessBase"]
[SourceDate "2002.11.25"]
[SourceVersion "1"]
[SourceVersionDate "2002.11.25"]
[SourceQuality "1"]

1. e4 c5 2. c3 d5 3. exd5 Qxd5 4. d4 Nf6 5. Nf3 Bg4 6. dxc5 Qxc5 7. Be3 Qc7 8. h3 Bd7 9. Na3 Nc6 10. Bc4 a6 11. Qb3 e6 12. Bb6 Qf4 13. Nc2 Be7 14. Ne3 0-0 15. Be2 Rac8 16. a4 Qb8 17. 0-0 e5 18. Rfd1 e4 19. Nd4 Nxd4 20. Bxd4 Bc6 21. g3 Qc7 22. a5 Bd7 23. Bxf6 Bxf6 24. Nd5 Qc6 25. Nxf6+ gxf6 26. h4 Be6 27. Qb4 f5 28. Qe7 h6 29. Rd4 Qc7 30. Qf6 Kh7 31. Kh2 Rg8 32. Bh5 Rg7 33. Rad1 Rcg8 1/2-1/2

[Event "St Petersburg White Nights op1"]
[Site "St Petersburg"]
[Date "2002.??.??"]
[Round "6"]
[White "Kashtanov, Ruslan"]
[Black "Umanskaya, Irina"]
[Result "1/2-1/2"]
[WhiteElo "2392"]
[BlackElo "2301"]
[PlyCount "52"]
[EventDate "2002.??.??"]
[EventType "swiss"]
[EventRounds "9"]
[EventCountry "RUS"]
[SourceTitle "EXT 2003"]
[Source "ChessBase"]
[SourceDate "2002.11.25"]
[SourceVersion "1"]
[SourceVersionDate "2002.11.25"]
[SourceQuality "1"]

1. e4 c5 2. Nc3 Nc6 3. Nge2 e5 4. Nd5 Nce7 5. Nec3 Nxd5 6. Nxd5 Nf6 7. Bc4 Be7 8. Nxe7 Qxe7 9. d3 a6 10. a4 d6 11. Bg5 h6 12. Bh4 Be6 13. Qe2 g5 14. Bg3 Nd7 15. h4 f6 16. c3 Nf8 17. Rd1 Qf7 18. b3 Rg8 19. d4 Bxc4 20. bxc4 cxd4 21. cxd4 Ne6 22. dxe5 dxe5 23. Rd5 Rc8 24. hxg5 hxg5 25. Rh6 Rc6 26. a5 Nc7 1/2-1/2

[Event "St Petersburg White Nights op1"]
[Site "St Petersburg"]
[Date "2002.??.??"]
[Round "8"]
[White "Lukashuk, Alexander"]
[Black "Umanskaya, Irina"]
[Result "1/2-1/2"]
[WhiteElo "2037"]
[BlackElo "2301"]
[PlyCount "67"]
[EventDate "2002.??.??"]
[EventType "swiss"]
[EventRounds "9"]
[EventCountry "RUS"]
[SourceTitle "EXT 2003"]
[Source "ChessBase"]
[SourceDate "2002.11.25"]
[SourceVersion "1"]
[SourceVersionDate "2002.11.25"]
[SourceQuality "1"]

1. e4 c5 2. Nf3 Nc6 3. Bb5 e6 4. 0-0 Nge7 5. c3 a6 6. Ba4 b5 7. Bc2 Bb7 8. Re1 d5 9. exd5 Nxd5 10. d4 Be7 11. dxc5 Bxc5 12. Nbd2 Nf6 13. Qe2 Ne7 14. Nb3 Bd6 15. Bg5 Qc7 16. Nbd4 Bd5 17. Ne5 Bxe5 18. Qxe5 Qxe5 19. Rxe5 Nd7 20. Ree1 f6 21. Be3 e5 22. Nf5 Nxf5 23. Bxf5 g6 24. Bd3 Ke7 25. a4 Rhb8 26. axb5 axb5 27. Rxa8 Bxa8 28. Ra1 Bd5 29. Ra7 e4 30. Be2 Bc4 31. Kf1 h5 32. Ke1 Ke6 33. Ra6+ Kf5 34. Bd4 1/2-1/2

[Event "EU-ch (Women) 2nd"]
[Site "Warsaw"]
[Date "2001.04.30"]
[Round "8"]
[White "Umanskaya, Irina"]
[Black "Chelushkina, Irina"]
[Result "1-0"]
[WhiteElo "2313"]
[BlackElo "2388"]
[PlyCount "99"]
[EventDate "2001.04.22"]
[EventType "swiss"]
[EventRounds "11"]
[EventCountry "POL"]
[SourceTitle "CBM 082 Extra"]
[Source "ChessBase"]
[SourceDate "2001.07.03"]
[SourceVersion "1"]
[SourceVersionDate "2001.07.03"]
[SourceQuality "1"]

1. Nf3 Nf6 2. c4 e6 3. g3 d5 4. d4 c6 5. Qc2 Bb4+ 6. Nbd2 0-0 7. Bg2 Ne4 8. a3 Nxd2 9. Bxd2 Be7 10. 0-0 Nd7 11. e4 Nf6 12. e5 Ne8 13. c5 b6 14. b4 Ba6 15. Rfe1 Bc4 16. Bc3 a5 17. Nd2 Bb5 18. cxb6 a4 19. b7 Rb8 20. Bf1 Rxb7 21. Bd3 g6 22. Rac1 Ng7 23. Bb2 Qb8 24. Nf3 Re8 25. Qd2 Qd8 26. h4 Bf8 27. Bxb5 cxb5 28. Rc6 Rb6 29. Qc2 Nf5 30. Rc3 Rb7 31. Bc1 Qb6 32. Rd1 Ree7 33. g4 Ng7 34. Rc6 Qa7 35. Bg5 Rec7 36. Rc1 Ne8 37. Bd8 Rxc6 38. Qxc6 Qb8 39. Qxe8 Re7 40. Qxe7 Bxe7 41. Bxe7 h6 42. g5 Qb7 43. Bf6 h5 44. Rc5 Kh7 45. Nd2 Qa6 46. Nb1 Qb7 47. Nc3 Qc8 48. Nxb5 Qa6 49. Kg2 Qc8 50. Nd6 1-0

[Event "EU-ch (Women) 2nd"]
[Site "Warsaw"]
[Date "2001.04.29"]
[Round "7"]
[White "Mamedjarova, Zeinab"]
[Black "Umanskaya, Irina"]
[Result "0-1"]
[WhiteElo "2226"]
[BlackElo "2313"]
[PlyCount "68"]
[EventDate "2001.04.22"]
[EventType "swiss"]
[EventRounds "11"]
[EventCountry "POL"]
[SourceTitle "CBM 082 Extra"]
[Source "ChessBase"]
[SourceDate "2001.07.03"]
[SourceVersion "1"]
[SourceVersionDate "2001.07.03"]
[SourceQuality "1"]

1. d4 Nf6 2. c4 g6 3. Nf3 Bg7 4. g3 0-0 5. Bg2 d6 6. 0-0 Nbd7 7. Nc3 e5 8. e4 c6 9. h3 Qb6 10. Re1 exd4 11. Nxd4 Ne8 12. Nb3 a5 13. Be3 Qb4 14. Nd4 Qxc4 15. Bf1 Qb4 16. a3 Qb6 17. Ne6 Qxb2 18. Nxg7 Nxg7 19. Nd5 Ne6 20. Ne7+ Kg7 21. Qxd6 Ne5 22. Reb1 Nf3+ 23. Kh1 Qf6 24. Nxc8 Raxc8 25. Qd1 Rfd8 26. Qc1 b5 27. Bg2 Ned4 28. Qc3 c5 29. Rxb5 g5 30. Rb2 g4 31. hxg4 Ne5 32. g5 Qg6 33. f4 Qh5+ 34. Kg1 Ng4 0-1

[Event "EU-ch (Women) 2nd"]
[Site "Warsaw"]
[Date "2001.04.25"]
[Round "4"]
[White "Lomakina, Galja"]
[Black "Umanskaya, Irina"]
[Result "1-0"]
[WhiteElo "2134"]
[BlackElo "2313"]
[PlyCount "83"]
[EventDate "2001.04.22"]
[EventType "swiss"]
[EventRounds "11"]
[EventCountry "POL"]
[SourceTitle "CBM 082 Extra"]
[Source "ChessBase"]
[SourceDate "2001.07.03"]
[SourceVersion "1"]
[SourceVersionDate "2001.07.03"]
[SourceQuality "1"]

1. Nf3 Nf6 2. g3 g6 3. Bg2 Bg7 4. 0-0 0-0 5. d3 d5 6. Nbd2 c5 7. e4 Nc6 8. Re1 e5 9. c3 d4 10. Nc4 Qc7 11. a4 Nd7 12. a5 Rb8 13. cxd4 cxd4 14. b4 b5 15. axb6 Nxb6 16. b5 Ne7 17. Ba3 Nxc4 18. dxc4 Re8 19. Bf1 a6 20. bxa6 Ra8 21. Qa4 Bxa6 22. Bxe7 Qxe7 23. Bd3 Rec8 24. Rec1 Bb7 25. Qb5 f5 26. Rxa8 Rxa8 27. Re1 Bf6 28. Nd2 Ra2 29. Nb3 fxe4 30. Bxe4 Ba6 31. Qd5+ Kg7 32. Nc5 Bc8 33. Nd3 Be6 34. Qc6 Bh3 35. c5 Qa7 36. Bg2 Bxg2 37. Kxg2 Qa5 38. Rb1 Qa8 39. Rb7+ Kh6 40. Qd7 e4 41. Qh3+ Kg5 42. Qh4+ 1-0

[Event "EU-ch (Women) 2nd"]
[Site "Warsaw"]
[Date "2001.04.24"]
[Round "3"]
[White "Umanskaya, Irina"]
[Black "Ryjanova, Julia"]
[Result "0-1"]
[WhiteElo "2313"]
[BlackElo "2393"]
[PlyCount "82"]
[EventDate "2001.04.22"]
[EventType "swiss"]
[EventRounds "11"]
[EventCountry "POL"]
[SourceTitle "CBM 082 Extra"]
[Source "ChessBase"]
[SourceDate "2001.07.03"]
[SourceVersion "1"]
[SourceVersionDate "2001.07.03"]
[SourceQuality "1"]

1. d4 Nf6 2. Nf3 e6 3. c4 Bb4+ 4. Nbd2 b6 5. a3 Bxd2+ 6. Bxd2 Bb7 7. g3 Bxf3 8. exf3 d5 9. c5 bxc5 10. dxc5 0-0 11. Be2 c6 12. 0-0 a5 13. b4 Na6 14. Bc3 Nd7 15. f4 Qe7 16. Re1 Nc7 17. Bd3 Rfd8 18. Qc2 h6 19. Qb2 f6 20. Qe2 Nf8 21. g4 Qf7 22. Bd2 Re8 23. g5 hxg5 24. fxg5 e5 25. gxf6 e4 26. Bc2 Qxf6 27. Rab1 Nfe6 28. Qe3 axb4 29. axb4 Nb5 30. Qg3 Ra2 31. Qb3 Rea8 32. Bxe4 dxe4 33. Be3 R8a3 34. Qc4 Kf7 35. Rbd1 Ra7 36. Qxe4 Nc3 37. Qxc6 Nxd1 38. Rxd1 Ra1 39. Rxa1 Rxa1+ 40. Kg2 Nf4+ 41. Bxf4 Qxc6+ 0-1

[Event "RUS-Cup"]
[Site "Bor"]
[Date "2000.??.??"]
[Round "9"]
[White "Kuporosov, Viktor"]
[Black "Umanskaya, Irina"]
[Result "1/2-1/2"]
[WhiteElo "2470"]
[BlackElo "2301"]
[PlyCount "21"]
[EventDate "2000.06.??"]
[EventType "swiss"]
[EventRounds "9"]
[EventCountry "RUS"]
[SourceTitle "EXT 2001"]
[Source "ChessBase"]
[SourceDate "2000.11.22"]
[SourceVersion "1"]
[SourceVersionDate "2000.11.22"]
[SourceQuality "1"]

1. Nf3 Nf6 2. c4 g6 3. g3 c6 4. Bg2 Bg7 5. 0-0 0-0 6. d4 d5 7. cxd5 cxd5 8. Ne5 e6 9. Nc3 Nfd7 10. f4 Nc6 11. Be3 1/2-1/2

[Event "MK Cafe Cup-B"]
[Site "Koszalin"]
[Date "1999.08.04"]
[Round "2"]
[White "Yevseev, Denis"]
[Black "Umanskaya, Irina"]
[Result "1/2-1/2"]
[WhiteElo "2539"]
[BlackElo "2333"]
[PlyCount "97"]
[EventDate "1999.08.03"]
[EventType "swiss"]
[EventRounds "10"]
[EventCountry "POL"]
[SourceTitle "EXT 2000"]
[Source "ChessBase"]
[SourceDate "1999.11.16"]
[SourceVersion "1"]
[SourceVersionDate "1999.11.16"]
[SourceQuality "1"]

1. d4 Nf6 2. c4 g6 3. Nf3 Bg7 4. g3 c6 5. Nc3 d5 6. cxd5 cxd5 7. Ne5 0-0 8. Bg2 e6 9. 0-0 Nfd7 10. f4 Nc6 11. e4 dxe4 12. Nxe4 Qb6 13. Kh1 Qxd4 14. Nxc6 bxc6 15. Qxd4 Bxd4 16. Rd1 Bg7 17. Be3 Bxb2 18. Rab1 Rb8 19. h4 Bg7 20. Rxb8 Nxb8 21. Bc5 Re8 22. Bxa7 Ba6 23. a4 f5 24. Nc5 Bc4 25. Rc1 Ba2 26. a5 Bd4 27. Rd1 Bxc5 28. Bxc5 Bd5 29. Rb1 Na6 30. Bd6 c5 31. Kg1 Ra8 32. Bf1 c4 33. Rb6 Kf7 34. Kf2 Ke8 35. Ke3 Kd7 36. Kd4 Nc7 37. Bb4 Na6 38. Bc3 Nb8 39. Kc5 Na6+ 40. Kd4 Nb8 41. Bxc4 Nc6+ 42. Kc5 Bxc4 43. Kxc4 Nxa5+ 44. Kb5 Nb3 45. Be5 Na5 46. Bc3 Nb3 47. Be5 Na5 48. Bb2 Ra7 49. Be5 1/2-1/2

[Event "MK Cafe Cup-A"]
[Site "Koszalin"]
[Date "1998.08.12"]
[Round "10"]
[White "Umanskaya, Irina"]
[Black "Brustman, Agnieszka"]
[Result "1/2-1/2"]
[WhiteElo "2325"]
[BlackElo "2380"]
[PlyCount "124"]
[EventDate "1998.08.03"]
[EventType "swiss"]
[EventRounds "10"]
[EventCountry "POL"]
[SourceTitle "CBM 065 Extra"]
[Source "ChessBase"]
[SourceDate "1998.09.09"]
[SourceVersion "1"]
[SourceVersionDate "1998.09.09"]
[SourceQuality "1"]

1. d4 Nf6 2. Nf3 g6 3. c4 Bg7 4. Nc3 0-0 5. e4 d6 6. Be2 e5 7. 0-0 Nc6 8. d5 Ne7 9. b4 Nh5 10. Re1 f5 11. Ng5 Nf6 12. Bf3 c6 13. Be3 cxd5 14. cxd5 h6 15. Ne6 Bxe6 16. dxe6 fxe4 17. Nxe4 Nxe4 18. Bxe4 d5 19. Bc2 b6 20. Qg4 Rf6 21. Rad1 Qd6 22. Bb3 Rd8 23. b5 Qxe6 24. Qxe6+ Rxe6 25. Bc1 Kh7 26. Ba3 Rd7 27. g3 e4 28. Kg2 Re5 29. Bxe7 Rexe7 30. Rxd5 Rxd5 31. Bxd5 Re5 32. Bc6 g5 33. a4 Kg8 34. Bxe4 Kf7 35. f4 gxf4 36. gxf4 Rc5 37. Rd1 Rc7 38. Kf3 Bf8 39. Rd5 Ba3 40. Rd8 Kg7 41. Bd5 Kf6 42. Rh8 Kg7 43. Rg8+ Kf6 44. Be4 Rc3+ 45. Ke2 Bc1 46. Rg3 Rc4 47. Kd3 Rxa4 48. Rg6+ Ke7 49. f5 Bb2 50. Re6+ Kf7 51. Rxh6 Rd4+ 52. Ke3 Bc1+ 53. Kxd4 Bxh6 54. Kd5 Bg5 55. h3 Kf6 56. Kd6 Bh4 57. Bd3 Bg5 58. Kc7 Ke5 59. Kc6 Bh4 60. Kd7 Bg5 61. Ke8 Kf6 62. Kf8 Bh4 1/2-1/2

[Event "RUS-Cup02"]
[Site "Moscow"]
[Date "1998.01.21"]
[Round "1"]
[White "Umanskaya, Irina"]
[Black "Dolmatov, Sergey"]
[Result "0-1"]
[WhiteElo "2325"]
[BlackElo "2570"]
[PlyCount "66"]
[EventDate "1998.01.21"]
[EventType "swiss"]
[EventRounds "9"]
[EventCountry "RUS"]
[SourceTitle "CBM 063"]
[Source "ChessBase"]
[SourceDate "1998.03.26"]
[SourceVersion "1"]
[SourceVersionDate "1998.03.26"]
[SourceQuality "1"]

1. d4 Nf6 2. c4 g6 3. Nc3 Bg7 4. e4 d6 5. Nf3 0-0 6. Be2 e5 7. 0-0 Nc6 8. d5 Ne7 9. b4 a5 10. bxa5 c5 11. Nd2 Rxa5 12. a4 Ra6 13. Bb2 Nd7 14. Nb5 f5 15. exf5 gxf5 16. f4 Ng6 17. fxe5 Ndxe5 18. Qb3 f4 19. Nf3 Bf5 20. Bc3 Qd7 21. Rfe1 Raa8 22. a5 Nxf3+ 23. Bxf3 Ne5 24. Ra2 Rae8 25. a6 bxa6 26. Rxa6 Nxf3+ 27. gxf3 Rxe1+ 28. Bxe1 Qe7 29. Qd1 Rf6 30. Ra8+ Bf8 31. Ra2 Bh3 32. Qe2 Rg6+ 33. Kh1 Bg2+ 0-1

[Event "RUS-Cup02"]
[Site "Moscow"]
[Date "1998.??.??"]
[Round "5"]
[White "Dragomarezkij, Evgeni"]
[Black "Umanskaya, Irina"]
[Result "1-0"]
[WhiteElo "2490"]
[BlackElo "2325"]
[PlyCount "54"]
[EventDate "1998.01.21"]
[EventType "swiss"]
[EventRounds "9"]
[EventCountry "RUS"]
[SourceTitle "EXT 1999"]
[Source "ChessBase"]
[SourceDate "1998.11.16"]
[SourceVersion "1"]
[SourceVersionDate "1998.11.16"]
[SourceQuality "1"]

1. d4 Nf6 2. c4 g6 3. Nc3 Bg7 4. e4 d6 5. f3 0-0 6. Nge2 c5 7. d5 e6 8. Ng3 exd5 9. cxd5 Nbd7 10. Be2 h5 11. Bg5 a6 12. a4 Qe8 13. Qd2 Nh7 14. Bh6 Bxh6 15. Qxh6 Qe7 16. 0-0 h4 17. Nh1 Qg5 18. Qxg5 Nxg5 19. Nf2 f6 20. Ng4 Nf7 21. Ne3 Kg7 22. a5 Rb8 23. Ra2 b5 24. axb6 Rxb6 25. Rfa1 Nb8 26. Nc4 Rb4 27. Ra4 Rb3 1-0

[Event "RUS-Cup02"]
[Site "Moscow"]
[Date "1998.??.??"]
[Round "8"]
[White "Iskusnyh, Sergei"]
[Black "Umanskaya, Irina"]
[Result "1/2-1/2"]
[WhiteElo "2455"]
[BlackElo "2325"]
[PlyCount "58"]
[EventDate "1998.01.21"]
[EventType "swiss"]
[EventRounds "9"]
[EventCountry "RUS"]
[SourceTitle "EXT 1999"]
[Source "ChessBase"]
[SourceDate "1998.11.16"]
[SourceVersion "1"]
[SourceVersionDate "1998.11.16"]
[SourceQuality "1"]

1. Nf3 Nf6 2. c4 g6 3. Nc3 Bg7 4. e4 d6 5. d4 0-0 6. Be2 e5 7. 0-0 Nc6 8. d5 Ne7 9. b4 Nh5 10. Re1 c6 11. Qb3 Nf4 12. Bxf4 exf4 13. Rad1 cxd5 14. exd5 b6 15. Nd4 Nf5 16. Nc6 Qg5 17. Ne4 Qh4 18. Rd3 Re8 19. Bf1 Bd7 20. Qd1 Ne3 21. fxe3 Rxe4 22. Qf3 Rae8 23. g3 fxg3 24. hxg3 Qg5 25. Ra3 a6 26. Bg2 Bc8 27. c5 bxc5 28. bxc5 dxc5 29. d6 f5 1/2-1/2

[Event "RUS-Cup02"]
[Site "Moscow"]
[Date "1998.??.??"]
[Round "3"]
[White "Umanskaya, Irina"]
[Black "Berelowitsch, Alexander"]
[Result "1/2-1/2"]
[WhiteElo "2325"]
[BlackElo "2515"]
[PlyCount "55"]
[EventDate "1998.01.21"]
[EventType "swiss"]
[EventRounds "9"]
[EventCountry "RUS"]
[SourceTitle "EXT 1999"]
[Source "ChessBase"]
[SourceDate "1998.11.16"]
[SourceVersion "1"]
[SourceVersionDate "1998.11.16"]
[SourceQuality "1"]

1. Nf3 Nf6 2. c4 c5 3. Nc3 Nc6 4. g3 d5 5. cxd5 Nxd5 6. Bg2 Nc7 7. 0-0 e5 8. d3 Be7 9. Nd2 0-0 10. Nc4 f6 11. Bxc6 bxc6 12. Na5 Bd7 13. Qb3+ Kh8 14. Qa4 Rb8 15. Qe4 Rb4 16. Qg2 Nd5 17. Nc4 Qc8 18. Re1 Bh3 19. Qh1 Be6 20. Bd2 Rb8 21. b3 Rd8 22. Qg2 Bh3 23. Qh1 Nf4 24. Bxf4 exf4 25. Qe4 fxg3 26. hxg3 Bf8 27. Na5 Rd6 28. Na4 1/2-1/2

[Event "Svetlogorsk op (Women)"]
[Site "Svetlogorsk"]
[Date "1997.??.??"]
[Round "9"]
[White "Umanskaya, Irina"]
[Black "Dergatschova, Anna"]
[Result "1-0"]
[WhiteElo "2330"]
[BlackElo "2220"]
[PlyCount "97"]
[EventDate "1997.??.??"]
[EventType "swiss"]
[EventRounds "9"]
[EventCountry "RUS"]
[SourceTitle "EXT 1998"]
[Source "ChessBase"]
[SourceDate "1997.11.17"]
[SourceVersion "1"]
[SourceVersionDate "1997.11.17"]
[SourceQuality "1"]

1. d4 d5 2. c4 e6 3. Nc3 Be7 4. Nf3 Nf6 5. Bf4 Nh5 6. Be5 f6 7. Bg3 Nxg3 8. hxg3 f5 9. Ne5 0-0 10. e3 g6 11. cxd5 Bb4 12. dxe6 Bxe6 13. Nd3 a5 14. Be2 Nd7 15. 0-0 g5 16. g4 Nf6 17. gxf5 Bf7 18. Ne5 c6 19. a3 Bxc3 20. bxc3 Qe7 21. Bd3 Kg7 22. e4 Bg8 23. Ng4 Kh8 24. Nxf6 Rxf6 25. Qg4 Rh6 26. f4 gxf4 27. Qxf4 Rh4 28. f6 Rxf4 29. fxe7 Rf7 30. Rxf7 Bxf7 31. Rf1 Kg7 32. Rf5 Bg6 33. Rf8 Rxf8 34. exf8Q+ Kxf8 35. Kf2 Ke7 36. Ke3 Bf7 37. Kf4 h6 38. c4 Be8 39. c5 Bf7 40. Ke5 Be6 41. Be2 Bb3 42. d5 cxd5 43. exd5 Kd7 44. Bg4+ Kc7 45. d6+ Kd8 46. Bf3 Kc8 47. Kf6 Bc4 48. Ke7 Bb5 49. c6 1-0

[Event "Minsk op"]
[Site "Minsk"]
[Date "1997.??.??"]
[Round "2"]
[White "Umanskaya, Irina"]
[Black "Sulskis, Sarunas"]
[Result "1/2-1/2"]
[WhiteElo "2330"]
[BlackElo "2525"]
[PlyCount "45"]
[EventDate "1997.??.??"]
[EventType "swiss"]
[EventRounds "9"]
[EventCountry "BLR"]
[SourceTitle "EXT 2000"]
[Source "ChessBase"]
[SourceDate "1999.11.16"]
[SourceVersion "1"]
[SourceVersionDate "1999.11.16"]
[SourceQuality "1"]

1. Nf3 Nf6 2. c4 e6 3. g3 b6 4. Bg2 Bb7 5. 0-0 c5 6. Nc3 Be7 7. Re1 Ne4 8. Nxe4 Bxe4 9. d3 Bb7 10. e4 Nc6 11. d4 cxd4 12. Nxd4 Nxd4 13. Qxd4 0-0 14. Be3 Qc7 15. Bf4 Qc6 16. Rad1 Rfd8 17. b3 Rac8 18. Bd6 Bxd6 19. Qxd6 Qxd6 20. Rxd6 Kf8 21. f4 Ke7 22. Rd2 d6 23. Red1 1/2-1/2

[Event "Moscow IM1"]
[Site "Moscow"]
[Date "1996.??.??"]
[Round "?"]
[White "Donchenko, Anatoly G"]
[Black "Umanskaya, Irina"]
[Result "1/2-1/2"]
[WhiteElo "2385"]
[BlackElo "2320"]
[PlyCount "46"]
[EventDate "1996.??.??"]
[EventType "tourn"]
[EventRounds "9"]
[EventCountry "RUS"]
[EventCategory "3"]
[SourceTitle "EXT 2000"]
[Source "ChessBase"]
[SourceDate "1999.11.16"]
[SourceVersion "1"]
[SourceVersionDate "1999.11.16"]
[SourceQuality "1"]

1. d4 Nf6 2. Nf3 g6 3. g3 Bg7 4. Bg2 0-0 5. 0-0 c6 6. c4 d6 7. b3 Nbd7 8. Bb2 Ne4 9. Nbd2 Nxd2 10. Qxd2 Nf6 11. Ne1 Bf5 12. Nd3 Qc8 13. Rfe1 Be4 14. f3 Bxd3 15. Qxd3 Nd7 16. Rad1 Qc7 17. f4 Rad8 18. e4 c5 19. Bh3 cxd4 20. Bxd7 Qxd7 21. Bxd4 Bxd4+ 22. Qxd4 b6 23. e5 Qc8 1/2-1/2